Inter-regional analysis of levels, pattern and distribution of income of women labour household in rural Punjab (Record no. 508059)

000 -LEADER
fixed length control field 00508nam a2200157 4500
008 - FIXED-LENGTH DATA ELEMENTS--GENERAL INFORMATION
fixed length control field 190306b ||||| |||| 00| 0 eng d
100 ## - MAIN ENTRY--PERSONAL NAME
Personal name Kaur, Veerpal et al
245 ## - TITLE STATEMENT
Title Inter-regional analysis of levels, pattern and distribution of income of women labour household in rural Punjab
260 ## - PUBLICATION, DISTRIBUTION, ETC. (IMPRINT)
Date of publication, distribution, etc 2018
300 ## - PHYSICAL DESCRIPTION
Extent p.11-23.
650 ## - SUBJECT ADDED ENTRY--TOPICAL TERM
Topical term or geographic name as entry element Households
9 (RLIN) 3082
650 ## - SUBJECT ADDED ENTRY--TOPICAL TERM
Topical term or geographic name as entry element Income
9 (RLIN) 3083
773 ## - HOST ITEM ENTRY
Main entry heading Agricultural Situation in India
906 ## - LOCAL DATA ELEMENT F, LDF (RLIN)
Subject DIP Women workers - India - Punjab
942 ## - ADDED ENTRY ELEMENTS (KOHA)
Source of classification or shelving scheme
Item type Articles
Holdings
Withdrawn status Lost status Source of classification or shelving scheme Damaged status Not for loan Permanent location Current location Date acquired Serial Enumeration / chronology Barcode Date last seen Koha item type
          Indian Institute of Public Administration Indian Institute of Public Administration 2019-03-06 75(4), Jul, 2018: p.11-23. AR119169 2019-03-06 Articles

Powered by Koha